000 00602pam a2200217 a 4500
008
020 _a0471041777 (acid-free paper)
049 _aMAIN
050 0 0 _aQA453GAY 1998
100 1 _aGay, David.
245 1 0 _aGeometry by discovery /
_cDavid Gay.
260 _aNew York :
_bJ. Wiley,
_cc1998.
300 _axiv, 410 p. :
_bill. ;
_c25 cm.
504 _aIncludes bibliographical references and index.
650 0 _aGeometry.
907 _a.b10204787
_b08-06-06
_c08-06-06
003
005 20230123134219.0
040 _cNUST
942 _cBOOKS
999 _c162015
_d162015